| 000 | 00778nam a2200265 i 4500 | ||
|---|---|---|---|
| 999 |
_c7204 _d7204 |
||
| 001 | 7204 | ||
| 003 | Mx-PuUPA | ||
| 005 | 20251024090426.0 | ||
| 008 | 140415s1986 mx a gr 000 0 spa d | ||
| 020 | _a9681315634 | ||
| 040 |
_aMX-PuUPA _bspa _erda _cMx-PuUPA _dMx-PuUPA |
||
| 041 | 0 | _aspa | |
| 100 | 1 |
_aPazos, Luis, _d1947- _eautor _95918 |
|
| 245 | 1 | 0 |
_aMarxismo básico / _cLuis Pazos. |
| 250 | _aPrimera edición | ||
| 264 | 3 | 1 |
_aMéxico, D.F. : _bEditorial Diana, _c1986 |
| 300 |
_a127 páginas : _bilustraciones ; _c23 cm. |
||
| 336 |
_atexto _2rdacontent _btxt |
||
| 337 |
_asin medio _2rdamedia _bn |
||
| 338 |
_avolumen _2rdacarrier _bnc |
||
| 650 | 4 | _aMarxismo | |
| 650 | 4 | _aSocialismo | |
| 942 |
_2ddc _cLI _h335.4 _iP348 |
||